000 00770nam a2200253Ia 4500
003 OSt
005 20220923211645.0
006 a|||||r|||| 00| 0
007 ta
008 220922b |||||||| |||| 00| 0 san d
024 _a40,402
037 _cTextual
040 _aARTS
_cARTS
_bsan
041 _2san
_asan
082 _aO15:gxF90,1, M3
100 _aशारदा
245 0 _aभावप्रकाशनम
246 _aBhāvaprakāshanama
260 _aवाराणसी
_b चौखम्बा सुरभारती प्रकाशन
_c1983
300 _a623पृ0
_ccm.
650 _aसंस्कृत साहित्य
942 _hO15:gxF90,1, M3
_cTEXL
_2CC
999 _c302255
_d302255